Leading your team to excellence : how to make quality decisions /

Bibliographic Details
Main Author: McEwan-Adkins, Elaine K., 1941-
Format: Book
Language:English
Published: Thousand Oaks, Calif. : Corwin Press, [1997]
Subjects:

MARC

Tag First Indicator Second Indicator Subfields
LEADER 00000cam a2200000 a 4500
001 in00001318721
005 20151005084830.0
008 950412s1997 caua b 001 0 eng
010 |a  95017300  
020 |a 0803965206 (acid-free paper) 
020 |a 0803965214 (pbk. : acid-free paper) 
020 |a 059049466X 
035 |a (OCoLC)32431214 
035 |9 AHD9246AM 
040 |a DLC  |c DLC  |d C#P  |d TXA  |d UtOrBLW 
043 |a n-us--- 
049 |a TXAM 
050 0 0 |a LB2805  |b .M24 1997 
082 0 0 |a 371.2/00973  |2 20 
100 1 |a McEwan-Adkins, Elaine K.,  |d 1941- 
245 1 0 |a Leading your team to excellence :  |b how to make quality decisions /  |c Elaine K. McEwan. 
264 1 |a Thousand Oaks, Calif. :  |b Corwin Press,  |c [1997] 
264 4 |c ©1997 
300 |a xi, 180 pages :  |b illustrations ;  |c 26 cm. 
336 |a text  |b txt  |2 rdacontent 
337 |a unmediated  |b n  |2 rdamedia 
338 |a volume  |b nc  |2 rdacarrier 
504 |a Includes bibliographical references (pages 173-175) and index. 
650 0 |a School management and organization  |z United States  |x Decision making. 
650 0 |a Group decision making. 
999 |a MARS 
999 f f |s d875e5d5-b7ca-321e-8e2a-e6f70cb5e0c2  |i 3b3cdf5c-94b5-3ba7-909a-dcb6c758b9ef  |t 0 
952 f f |p normal  |a Texas A&M University  |b College Station  |c Sterling C. Evans Library  |s Evans stk  |d Evans: Library Stacks  |t 0  |e LB2805 .M24 1997  |h Library of Congress classification  |i unmediated -- volume  |m A14820853844 
998 f f |a LB2805 .M24 1997  |t 0  |l Evans: Library Stacks